00403 a2200133 4500003000500000005001700005040000900022082001500031100001800046245007900064260004000143300001700183505006900200Nust20221205101728.0 cNust a150.92,SUB aLeonard Zusne aName in the History of Psychology A Biographical SourcebookcLeonard Zusne aIslamabadbNational Book Foundation axvii,489 p.; aAll Names in the History of Psychology A Biographical Sourcebook